=LDR 00000nam 2200000 4500 =001 INLIS000000000033612 =005 20130612135545 =008 ***********************************ind** =035 ##$$a0010-061300000033612 =041 ##$$a ind =082 ##$$a 618.207 =090 ##$$a 618.207, Hid,c =100 ##$$a Hidayat,Asri =245 ##$$a Catatan Kuliah Konsep Kebidanan Plus Materi Bidan Delima, Asri HidaytMufdlilih; Editor, Ari Setiawan =260 ##$$a 2009 $b Yogyakarta =300 ##$$a vi,153 hlm., 23 cm =650 ##$$a Hidayat,Asri =700 ##$$a Mufdlilah =850 ##$$a NBPNMAT =990 ##$$a 0338/PN/2014 =990 ##$$a 0001/BPAP-NTB/20142014